000
00253nam a2200109 a 4500
005
20140513081048.0
008
020606s19uu xx 00 eng d
050
_a
P 591.52
_b
ANI
245
_a
Animal homes.
650
_a
Animals
_x
Posters
999
_c
116236
_d
116236